Capital cities with penultimate letter T - Statistics

General Stats
  • This quiz has been taken 25 times
    14 since last reset
  • The average score is 9 of 14
Answer Stats
Answer % Correct
Bogota
75%
Guatemala City
75%
Jakarta
75%
Kuwait City
75%
Maputo
75%
Mexico City
75%
Panama City
75%
Vatican City
75%
Funafuti
63%
Nouakchott
63%
Quito
63%
Valletta
63%
Djibouti
50%
Sri Jayawardenepura Kotte
25%
No matching quizzes found
Score Distribution
Percent of People with Each Score
Percentile by Number Answered
Your Score History
You have not taken this quiz since the last reset